Personnages principaux - Statistiques

Statistiques générales
  • Ce quiz a été pris 53 fois
  • Le résultat moyen est 5 sur 15
Statistiques - réponses
Hint Réponse % Correct
Naruto Naruto
98%
Monkey D. Luffy One Piece
88%
Eleven Stranger Things
71%
Gon Freecs Hunter x Hunter
43%
Jughead Jones Riverdale
41%
Scott McCall Teen Wolf
39%
Samuel Garcia Elite
29%
Lincoln Loud Bienvenuz chez les Loud
27%
Rachel Berry Glee
27%
Marinette Dupain-Cheng Miraculous
27%
Clark Griffin Les 100
25%
Clary Fray Shadow Hunters
14%
Mia Caceres GO vive a tu manera
2%
Olivia Moore iZombie
2%
Julie Molina Julie and the Phantoms
2%
Aucun quiz correspondant
Distribution des résultats
% des personnes avec chaque résultat
Percentile par nombre de réponses
Votre historique - résultats
Vous n’avez pas pris ce quiz